| 000 | 00810nam a22001577a 4500 | ||
|---|---|---|---|
| 003 | OSt | ||
| 005 | 20150930093908.0 | ||
| 008 | 150930b xxu||||| |||| 00| 0 eng d | ||
| 040 | _cRUA | ||
| 082 | _aAGR SOY 2007 B062 Or.1 | ||
| 100 |
_91582 _aSOY, PUNNAK RAKSMEY. |
||
| 245 | _aEffect of des sédiments du lac tone` sap sur le rendement du riz (se`n pidor) en saison des pluies a` l'universiteé oyale d' agriculture, ប្រសិទ្ធិភាពភក់បឹងទន្លេសាបលើទិន្ធផលស្រូវសែនពិដោក្នុងលក្ឃខ័ណ្ឌរដូវវស្សានៅសាកលវិទ្យាល័យភូមិន្ធកសិកម្ម. | ||
| 260 |
_apjnom phen _bRUA _c2007 |
||
| 300 |
_aV, 57p. _bill. _c29cm. |
||
| 942 |
_2ddc _cAGR |
||
| 999 |
_c1495 _d1495 |
||